| 000 | 00409nam a2200181Ia 4500 | ||
|---|---|---|---|
| 001 | 2844 | ||
| 005 | 20260306144837.0 | ||
| 008 | 260306t2012||||xx |||||||||||||| ||spa|| | ||
| 041 | _aESP | ||
| 082 |
_a230.2 _bT69 2012 T. 5 |
||
| 100 |
_aTómas de Aquino, Santo _eAUT |
||
| 245 | 0 | _aSuma teológica | |
| 260 | _c2012 | ||
| 300 |
_a _c20 cm. |
||
| 650 | _aGEN | ||
| 654 | _aCHU | ||
| 942 |
_cLIB _dJUS _fJUS _2ddc _n |
||
| 999 |
_c2844 _d2844 |
||